| 000 | 00655nam a2200193Ia 4500 | ||
|---|---|---|---|
| 003 | OSt | ||
| 005 | 20210417222927.0 | ||
| 008 | 210310s1965 no gr 000 0 eng d | ||
| 040 |
_aCO-JMCR _cCO-JMCR |
||
| 041 | 0 | _aeng | |
| 082 | 0 | 4 |
_a336.2009481 / _bR888s _223 |
| 110 | 2 |
_aThe Royal Ministry Of Finance And Customs _936944 |
|
| 245 | 1 | 0 |
_aA Survey of the Norwegian Tax System in 1964 / _cThe Royal Ministry Of Finance And Customs |
| 260 |
_aNoruega : _bThe Royal Ministry of Finance and Customs, _c1964 |
||
| 300 |
_b71 páginas ; _c21 cm. |
||
| 505 | 0 | _aDirect taxation -- Indirect taxation | |
| 650 | 1 | 4 |
_aImpuestos _914902 _zNoruega |
| 942 |
_2ddc _cBK |
||
| 999 |
_c7599 _d7599 |
||